|
|
|
|
| LEADER |
01442nam a2200385Ia 4500 |
| 001 |
EBC3400738 |
| 003 |
MiAaPQ |
| 005 |
20200520144314.0 |
| 006 |
m o d | |
| 007 |
cr cn||||||||| |
| 008 |
030124s2002 dk sb 000 0 eng d |
| 020 |
|
|
|z 8763000938 (hd.bd.)
|
| 035 |
|
|
|a (MiAaPQ)EBC3400738
|
| 035 |
|
|
|a (Au-PeEL)EBL3400738
|
| 035 |
|
|
|a (CaPaEBR)ebr10022645
|
| 035 |
|
|
|a (OCoLC)923361048
|
| 040 |
|
|
|a MiAaPQ
|c MiAaPQ
|d MiAaPQ
|
| 050 |
|
4 |
|a HF5389
|b .G47 2002
|
| 072 |
|
7 |
|a HF
|2 lcco
|
| 082 |
0 |
4 |
|a 395.52
|2 21
|
| 100 |
1 |
|
|a Gesteland, Richard R.
|
| 245 |
1 |
0 |
|a Cross-cultural business behavior
|h [electronic resource] :
|b marketing, negotiating, sourcing and managing across cultures /
|c Richard R. Gesteland.
|
| 250 |
|
|
|a 3rd [rev.] ed.
|
| 260 |
|
|
|a Copenhagen, Denmark :
|b Copenhagen Business School Press,
|c 2002.
|
| 300 |
|
|
|a 347 p.
|
| 504 |
|
|
|a Includes bibliographical references (p. [343]-347).
|
| 533 |
|
|
|a Electronic reproduction. Ann Arbor, MI : ProQuest, 2015. Available via World Wide Web. Access may be limited to ProQuest affiliated libraries.
|
| 650 |
|
0 |
|a Business etiquette.
|
| 650 |
|
0 |
|a Export marketing.
|
| 650 |
|
0 |
|a Intercultural communication.
|
| 650 |
|
0 |
|a Negotiation in business.
|
| 650 |
|
0 |
|a National characteristics.
|
| 655 |
|
4 |
|a Electronic books.
|
| 710 |
2 |
|
|a ProQuest (Firm)
|
| 856 |
4 |
0 |
|u https://ebookcentral.proquest.com/lib/matrademy/detail.action?docID=3400738
|z Click to View
|